000 00389nam a2200157Ia 4500
008 230711s9999||||xx |||||||||||||| ||und||
041 _aENG
082 _a621.3192
_bKU-N
100 _aKuo,Franklin
245 0 _aNetwork analysis and synthesis
250 _a2nd Ed.
260 _c2005
_aNew York
_bJohn Wiley & Sons.Inc
300 _a515
650 _aElectrical Engineering
942 _cBK
999 _c4484
_d4484